[Event "ODJM B 2023"]
[Site "Willingen GER"]
[Date "2023.05.28"]
[Round "2"]
[White "Mohebbi, Sam"]
[Black "Stülcken, Philipp"]
[Result "0-1"]
[Termination "normal"]
[Board "10"]
[WhiteElo "1555"]
[BlackElo "1617"]
[WhiteClock "01:16:25"]
[BlackClock "00:59:14"]
[PlyCount "62"]
[WhiteFideId "34607293"]
[BlackFideId "12986232"]
[EventCountry "GER"]
[EventRounds "9"]
[EventType "swiss"]
[EventDate "2023.05.27"]

1. e4 {[%clk 01:30:57]} {[%emt 00:00:02]} e5 {[%clk 01:30:52]} {[%emt
00:00:08]} 2. Nf3 {[%clk 01:31:15]} {[%emt 00:00:11]} Nc6 {[%clk 01:31:16]}
{[%emt 00:00:06]} 3. Bc4 {[%clk 01:31:21]} {[%emt 00:00:25]} Nf6 {[%clk
01:31:34]} {[%emt 00:00:12]} 4. d3 {[%clk 01:31:39]} {[%emt 00:00:12]} Bc5
{[%clk 01:31:50]} {[%emt 00:00:14]} 5. Bg5 {[%clk 01:31:04]} {[%emt 00:01:05]}
d6 {[%clk 01:30:56]} {[%emt 00:01:24]} 6. c3 {[%clk 01:30:36]} {[%emt
00:00:59]} a6 {[%clk 01:31:05]} {[%emt 00:00:20]} 7. a4 {[%clk 01:30:52]}
{[%emt 00:00:14]} Ba7 {[%clk 01:31:16]} {[%emt 00:00:19]} 8. O-O {[%clk
01:29:19]} {[%emt 00:02:03]} h6 {[%clk 01:30:05]} {[%emt 00:01:41]} 9. Bh4
{[%clk 01:18:56]} {[%emt 00:10:52]} g5 {[%clk 01:26:57]} {[%emt 00:03:39]} 10.
Bg3 {[%clk 01:17:22]} {[%emt 00:02:04]} Bg4 {[%clk 01:25:40]} {[%emt 00:01:47]}
11. Nbd2 {[%clk 01:17:34]} {[%emt 00:00:18]} Nh5 {[%clk 01:22:48]} {[%emt
00:03:21]} 12. Qb3 {[%clk 01:17:54]} {[%emt 00:00:12]} Qd7 {[%clk 01:21:29]}
{[%emt 00:01:48]} 13. Qxb7 {[%clk 01:17:54]} {[%emt 00:00:30]} Rb8 {[%clk
01:21:36]} {[%emt 00:00:23]} 14. Qxa6 {[%clk 01:18:13]} {[%emt 00:00:12]} Rb6
{[%clk 01:21:52]} {[%emt 00:00:13]} 15. Qxb6 {[%clk 01:16:32]} {[%emt
00:02:11]} Bxb6 {[%clk 01:22:05]} {[%emt 00:00:18]} 16. b4 {[%clk 01:16:53]}
{[%emt 00:00:08]} Nxg3 {[%clk 01:14:29]} {[%emt 00:08:06]} 17. hxg3 {[%clk
01:17:13]} {[%emt 00:00:09]} O-O {[%clk 01:11:22]} {[%emt 00:03:38]} 18. Bb5
{[%clk 01:17:37]} {[%emt 00:00:06]} Qe8 {[%clk 01:08:25]} {[%emt 00:03:26]} 19.
d4 {[%clk 01:17:44]} {[%emt 00:00:24]} exd4 {[%clk 01:07:18]} {[%emt 00:01:38]}
20. cxd4 {[%clk 01:17:55]} {[%emt 00:00:19]} Bd7 {[%clk 01:06:42]} {[%emt
00:01:05]} 21. d5 {[%clk 01:18:00]} {[%emt 00:00:26]} Nxb4 {[%clk 01:06:50]}
{[%emt 00:00:22]} 22. Bc4 {[%clk 01:17:41]} {[%emt 00:00:48]} Bxa4 {[%clk
01:05:54]} {[%emt 00:01:26]} 23. Rfb1 {[%clk 01:16:16]} {[%emt 00:01:55]} Bc5
{[%clk 01:03:45]} {[%emt 00:02:39]} 24. Nh2 {[%clk 01:16:13]} {[%emt 00:00:33]}
Bb5 {[%clk 01:02:02]} {[%emt 00:02:13]} 25. Ng4 {[%clk 01:16:23]} {[%emt
00:00:19]} Kg7 {[%clk 01:02:19]} {[%emt 00:00:13]} 26. Bb3 {[%clk 01:16:38]}
{[%emt 00:00:16]} h5 {[%clk 01:01:29]} {[%emt 00:01:20]} 27. Nh2 {[%clk
01:16:38]} {[%emt 00:00:30]} Qe5 {[%clk 00:59:04]} {[%emt 00:02:54]} 28. Nhf3
{[%clk 01:16:11]} {[%emt 00:00:58]} Qxg3 {[%clk 00:58:53]} {[%emt 00:00:42]}
29. Nf1 {[%clk 01:15:50]} {[%emt 00:00:51]} Qxf2+ {[%clk 00:58:47]} {[%emt
00:00:36]} 30. Kh1 {[%clk 01:16:09]} {[%emt 00:00:10]} g4 {[%clk 00:58:57]}
{[%emt 00:00:21]} 31. Ra2 {[%clk 01:16:25]} {[%emt 00:00:14]} Nxa2 {[%clk
00:59:14]} {[%emt 00:00:13]} 0-1

[Event "ODJM B 2023"]
[Site "Willingen GER"]
[Date "2023.05.28"]
[Round "2"]
[White "Kratz, Alexander"]
[Black "Bakó, Evelin"]
[Result "1-0"]
[Termination "normal"]
[Board "11"]
[WhiteElo "1773"]
[BlackElo "1162"]
[WhiteClock "00:34:44"]
[BlackClock "00:19:23"]
[PlyCount "49"]
[WhiteFideId "16228529"]
[BlackFideId "16271823"]
[EventCountry "GER"]
[EventRounds "9"]
[EventType "swiss"]
[EventDate "2023.05.27"]

1. Nf3 {[%clk 01:30:56]} {[%emt 00:00:03]} Nf6 {[%clk 01:30:24]} {[%emt
00:00:36]} 2. g3 {[%clk 01:31:17]} {[%emt 00:00:09]} d5 {[%clk 01:30:35]}
{[%emt 00:00:19]} 3. Bg2 {[%emt 00:00:45]} c5 {[%clk 01:30:29]} 4. O-O {[%clk
01:30:43]} {[%emt 00:01:25]} Nc6 {[%clk 01:29:21]} {[%emt 00:01:38]} 5. d3
{[%clk 01:25:45]} {[%emt 00:05:28]} e5 {[%clk 01:27:52]} {[%emt 00:01:59]} 6.
Nbd2 {[%emt 00:08:35]} Bd6 {[%clk 01:21:37]} {[%emt 00:00:41]} 7. e4 {[%clk
01:22:40]} {[%emt 00:01:34]} d4 {[%clk 01:21:24]} {[%emt 00:00:43]} 8. a4
{[%clk 01:22:27]} {[%emt 00:00:43]} O-O {[%clk 01:16:17]} {[%emt 00:05:36]} 9.
Nc4 {[%clk 01:15:44]} {[%emt 00:07:14]} Bc7 {[%clk 01:14:43]} {[%emt 00:02:04]}
10. Ne1 {[%clk 01:12:26]} {[%emt 00:03:48]} Be6 {[%clk 01:02:17]} {[%emt
00:12:55]} 11. b3 {[%clk 01:11:00]} {[%emt 00:01:57]} a6 {[%emt 00:04:18]} 12.
f4 {[%clk 01:09:00]} b5 {[%clk 01:00:37]} {[%emt 00:00:52]} 13. Na3 {[%clk
01:08:47]} {[%emt 00:00:42]} Rb8 {[%clk 00:55:14]} {[%emt 00:05:54]} 14. f5
{[%clk 01:06:00]} {[%emt 00:03:17]} Bd7 {[%clk 00:51:58]} {[%emt 00:03:45]} 15.
g4 {[%clk 01:03:21]} {[%emt 00:03:09]} g6 {[%clk 00:38:55]} {[%emt 00:13:34]}
16. Bh6 {[%clk 00:57:49]} {[%emt 00:06:02]} Re8 {[%clk 00:38:10]} {[%emt
00:01:15]} 17. Bg5 {[%clk 00:58:05]} {[%emt 00:00:14]} Kg7 {[%clk 00:27:30]}
{[%emt 00:11:09]} 18. fxg6 {[%clk 00:54:43]} {[%emt 00:03:53]} Re6 {[%clk
00:26:00]} {[%emt 00:02:01]} 19. gxf7 {[%clk 00:51:02]} {[%emt 00:04:10]} Kxf7
{[%emt 00:00:26]} 20. Qf3 {[%clk 00:50:18]} {[%emt 00:01:12]} Kg7 {[%clk
00:25:56]} {[%emt 00:00:39]} 21. Qh3 {[%clk 00:48:25]} {[%emt 00:02:23]} Qh8
{[%clk 00:24:35]} {[%emt 00:01:52]} 22. Bh6+ {[%clk 00:35:38]} {[%emt
00:13:17]} Kf7 {[%clk 00:22:40]} {[%emt 00:02:24]} 23. g5 {[%clk 00:34:32]}
{[%emt 00:01:36]} Ke8 {[%clk 00:19:09]} {[%emt 00:04:00]} 24. gxf6 {[%clk
00:34:29]} {[%emt 00:00:34]} Rxf6 {[%clk 00:19:23]} {[%emt 00:00:16]} 25. Qh5+
{[%clk 00:34:44]} {[%emt 00:00:15]} 1-0

[Event "ODJM B 2023"]
[Site "Willingen GER"]
[Date "2023.05.28"]
[Round "2"]
[White "Sitnik, Arthur"]
[Black "Khanbekyan, Areg"]
[Result "1-0"]
[Termination "normal"]
[Board "12"]
[WhiteElo "1267"]
[BlackElo "1606"]
[WhiteClock "00:58:48"]
[BlackClock "01:14:28"]
[PlyCount "37"]
[WhiteFideId "34608150"]
[BlackFideId "12993727"]
[EventCountry "GER"]
[EventRounds "9"]
[EventType "swiss"]
[EventDate "2023.05.27"]

1. e4 {[%clk 01:30:57]} {[%emt 00:00:03]} c5 {[%clk 01:30:55]} {[%emt
00:00:06]} 2. Nf3 {[%clk 01:31:21]} {[%emt 00:00:06]} Nc6 {[%clk 01:31:16]}
{[%emt 00:00:10]} 3. c3 {[%clk 01:31:22]} {[%emt 00:00:29]} d5 {[%clk
01:23:32]} {[%emt 00:08:13]} 4. exd5 {[%clk 01:31:06]} {[%emt 00:00:45]} Qxd5
{[%clk 01:23:57]} 5. d4 {[%clk 01:31:00]} {[%emt 00:00:42]} cxd4 {[%clk
01:24:22]} {[%emt 00:00:05]} 6. Nxd4 {[%clk 01:30:45]} {[%emt 00:00:45]} Nxd4
{[%clk 01:21:31]} {[%emt 00:03:20]} 7. Qxd4 {[%clk 01:30:11]} {[%emt 00:01:04]}
Qxd4 {[%clk 01:21:51]} {[%emt 00:00:11]} 8. cxd4 {[%clk 01:30:31]} {[%emt
00:00:10]} Nf6 {[%clk 01:20:21]} {[%emt 00:02:00]} 9. Nc3 {[%clk 01:29:53]}
{[%emt 00:01:08]} e6 {[%clk 01:17:24]} {[%emt 00:03:27]} 10. Nb5 {[%clk
01:23:46]} {[%emt 00:06:38]} Bb4+ {[%clk 01:17:12]} {[%emt 00:00:41]} 11. Kd1
{[%clk 01:20:49]} {[%emt 00:03:27]} Ke7 {[%clk 01:14:49]} {[%emt 00:04:40]} 12.
Nc7 Rb8 {[%emt 00:06:04]} 13. Bf4 {[%emt 00:00:51]} Bd6 {[%emt 00:00:55]} 14.
Bxd6+ {[%clk 01:13:45]} {[%emt 00:00:09]} Kxd6 {[%emt 00:00:52]} 15. Nb5+
{[%clk 01:13:20]} {[%emt 00:00:10]} Kd5 {[%clk 01:14:28]} {[%emt 00:09:22]} 16.
Rc1 Bd7 {[%emt 00:03:48]} 17. Rc5+ {[%clk 01:02:34]} Ke4 {[%emt 00:03:49]} 18.
Re5+ {[%emt 00:00:29]} Kf4 {[%emt 00:01:47]} 19. Be2 {[%clk 00:58:48]} {[%emt
00:02:12]} 1-0

[Event "ODJM B 2023"]
[Site "Willingen GER"]
[Date "2023.05.28"]
[Round "2"]
[White "Göb, Franziska"]
[Black "Kuhlmann, Nils Magnus"]
[Result "0-1"]
[Termination "normal"]
[Board "13"]
[WhiteElo "1278"]
[BlackElo "1553"]
[WhiteClock "00:27:10"]
[BlackClock "01:04:07"]
[PlyCount "68"]
[WhiteFideId "16293177"]
[BlackFideId "16287177"]
[EventCountry "GER"]
[EventRounds "9"]
[EventType "swiss"]
[EventDate "2023.05.27"]

1. e4 {[%clk 01:30:59]} c6 {[%clk 01:30:53]} {[%emt 00:00:08]} 2. d4 {[%clk
01:31:25]} {[%emt 00:00:03]} d5 {[%clk 01:31:16]} {[%emt 00:00:08]} 3. e5
{[%clk 01:31:52]} {[%emt 00:00:03]} Bf5 {[%clk 01:30:45]} {[%emt 00:01:00]} 4.
h4 {[%clk 01:32:13]} {[%emt 00:00:10]} h5 {[%clk 01:31:10]} {[%emt 00:00:05]}
5. Bd3 {[%clk 01:32:38]} {[%emt 00:00:04]} Bxd3 {[%clk 01:29:41]} {[%emt
00:01:59]} 6. Qxd3 {[%clk 01:32:54]} {[%emt 00:00:14]} e6 {[%clk 01:29:56]}
{[%emt 00:00:16]} 7. Bg5 {[%clk 01:31:45]} {[%emt 00:01:38]} Qb6 {[%clk
01:29:31]} {[%emt 00:00:56]} 8. b3 {[%clk 01:27:11]} {[%emt 00:05:03]} c5
{[%clk 01:26:18]} {[%emt 00:03:45]} 9. c3 {[%clk 01:18:17]} {[%emt 00:09:23]}
Nc6 {[%clk 01:24:58]} {[%emt 00:01:51]} 10. Nf3 {[%clk 01:16:04]} {[%emt
00:02:42]} cxd4 {[%emt 00:00:09]} 11. cxd4 {[%clk 01:13:44]} {[%emt 00:02:48]}
Rc8 {[%clk 01:23:16]} {[%emt 00:02:35]} 12. O-O {[%clk 01:05:07]} {[%emt
00:09:07]} Be7 {[%clk 01:17:35]} {[%emt 00:06:11]} 13. Rd1 {[%clk 00:58:21]}
{[%emt 00:07:16]} Bxg5 {[%clk 01:10:40]} {[%emt 00:07:25]} 14. Nxg5 {[%clk
00:56:21]} {[%emt 00:02:29]} Nge7 {[%clk 01:10:53]} {[%emt 00:00:18]} 15. g3
{[%clk 00:44:49]} {[%emt 00:12:01]} Nf5 {[%clk 01:10:46]} {[%emt 00:00:38]} 16.
Nf3 {[%clk 00:43:56]} {[%emt 00:01:22]} Ke7 {[%clk 01:06:43]} {[%emt 00:04:34]}
17. Kg2 {[%clk 00:35:02]} {[%emt 00:09:24]} Nb4 {[%clk 01:06:55]} {[%emt
00:00:19]} 18. Qe2 {[%clk 00:32:34]} {[%emt 00:02:56]} Nc2 {[%emt 00:00:49]}
19. Nbd2 {[%clk 00:31:52]} {[%emt 00:01:11]} Nxa1 {[%clk 01:06:51]} {[%emt
00:00:17]} 20. Rxa1 {[%clk 00:32:14]} {[%emt 00:00:07]} Nxd4 {[%clk 01:06:56]}
{[%emt 00:00:26]} 21. Nxd4 {[%clk 00:31:29]} {[%emt 00:01:14]} Qxd4 {[%clk
01:07:20]} {[%emt 00:00:06]} 22. Re1 {[%clk 00:30:59]} {[%emt 00:01:00]} Rc2
{[%clk 01:07:19]} {[%emt 00:00:32]} 23. Qb5 {[%clk 00:29:00]} {[%emt 00:02:28]}
Rb8 {[%clk 01:06:52]} {[%emt 00:00:58]} 24. Qa5 {[%clk 00:27:32]} {[%emt
00:01:56]} Qxd2 {[%clk 01:05:31]} {[%emt 00:01:52]} 25. Qa3+ {[%clk 00:27:36]}
{[%emt 00:00:26]} Ke8 {[%clk 01:05:54]} {[%emt 00:00:08]} 26. Qxa7 {[%clk
00:27:35]} {[%emt 00:00:31]} Rbc8 {[%clk 01:05:40]} {[%emt 00:00:44]} 27. Qa4+
{[%clk 00:27:48]} {[%emt 00:00:17]} Kf8 {[%clk 01:05:57]} {[%emt 00:00:13]} 28.
Qa3+ {[%clk 00:28:06]} {[%emt 00:00:11]} Kg8 {[%clk 01:05:20]} {[%emt
00:01:08]} 29. Rf1 {[%clk 00:28:25]} {[%emt 00:00:11]} Qd4 {[%clk 01:04:31]}
{[%emt 00:01:11]} 30. Qe7 {[%clk 00:27:47]} {[%emt 00:01:15]} Qxe5 {[%clk
01:03:58]} {[%emt 00:01:03]} 31. Qxb7 {[%clk 00:26:19]} {[%emt 00:01:59]} Qe4+
{[%clk 01:04:20]} {[%emt 00:00:08]} 32. Kg1 {[%clk 00:26:27]} {[%emt 00:00:19]}
Rc1 {[%clk 01:03:56]} {[%emt 00:00:57]} 33. Rxc1 {[%clk 00:26:44]} {[%emt
00:00:12]} Rxc1+ {[%clk 01:04:21]} {[%emt 00:00:05]} 34. Kh2 {[%clk 00:27:10]}
{[%emt 00:00:04]} Rh1# {[%clk 01:04:07]} {[%emt 00:00:07]} 0-1

[Event "ODJM B 2023"]
[Site "Willingen GER"]
[Date "2023.05.28"]
[Round "2"]
[White "Glotz, Richard"]
[Black "Selzer, Luca"]
[Result "1/2-1/2"]
[Termination "normal"]
[Board "14"]
[WhiteElo "1591"]
[BlackElo "1472"]
[WhiteClock "00:10:49"]
[BlackClock "00:46:08"]
[PlyCount "138"]
[WhiteFideId "34601520"]
[BlackFideId "34660364"]
[EventCountry "GER"]
[EventRounds "9"]
[EventType "swiss"]
[EventDate "2023.05.27"]

1. e4 {[%clk 01:30:59]} d5 {[%clk 01:30:54]} {[%emt 00:00:06]} 2. exd5 {[%clk
01:31:21]} {[%emt 00:00:08]} Qxd5 {[%clk 01:31:20]} {[%emt 00:00:04]} 3. Nc3
{[%clk 01:31:38]} {[%emt 00:00:13]} Qd8 {[%clk 01:31:49]} {[%emt 00:00:02]} 4.
d4 {[%clk 01:31:56]} {[%emt 00:00:12]} Nf6 {[%clk 01:31:25]} {[%emt 00:00:54]}
5. Bd3 {[%clk 01:21:41]} {[%emt 00:10:44]} e6 {[%clk 01:30:52]} {[%emt
00:01:04]} 6. Nf3 {[%clk 01:20:09]} {[%emt 00:02:02]} Be7 {[%clk 01:30:14]}
{[%emt 00:01:07]} 7. O-O {[%clk 01:18:50]} {[%emt 00:01:50]} O-O {[%clk
01:30:21]} {[%emt 00:00:22]} 8. Bf4 {[%clk 01:11:26]} {[%emt 00:07:54]} Nbd7
{[%clk 01:29:31]} {[%emt 00:01:20]} 9. Qd2 {[%clk 01:08:49]} {[%emt 00:03:08]}
b6 {[%clk 01:26:09]} {[%emt 00:03:52]} 10. Rae1 {[%clk 01:02:39]} {[%emt
00:06:39]} Bb7 {[%clk 01:24:54]} {[%emt 00:01:46]} 11. Ne5 {[%clk 01:00:40]}
{[%emt 00:02:28]} c5 {[%clk 01:23:09]} {[%emt 00:02:15]} 12. Ne2 {[%clk
00:52:23]} {[%emt 00:08:47]} Nxe5 {[%clk 01:20:15]} {[%emt 00:03:24]} 13. Bxe5
{[%clk 00:50:58]} {[%emt 00:01:54]} cxd4 {[%clk 01:20:03]} {[%emt 00:00:43]}
14. Nxd4 {[%clk 00:49:10]} {[%emt 00:02:18]} Bc5 {[%clk 01:16:12]} {[%emt
00:04:21]} 15. Re3 {[%clk 00:47:01]} {[%emt 00:02:38]} Qd5 {[%clk 01:03:00]}
{[%emt 00:13:42]} 16. f4 {[%clk 00:37:00]} {[%emt 00:10:31]} Bxd4 {[%clk
01:00:22]} {[%emt 00:03:08]} 17. Bxd4 {[%clk 00:35:51]} {[%emt 00:01:39]} Ng4
{[%clk 01:00:16]} {[%emt 00:00:36]} 18. Be4 {[%clk 00:33:59]} {[%emt 00:02:22]}
Qd7 {[%clk 00:57:15]} {[%emt 00:03:31]} 19. Rg3 {[%clk 00:18:22]} {[%emt
00:16:07]} Bxe4 {[%clk 00:57:10]} {[%emt 00:00:36]} 20. Rxg4 {[%clk 00:18:51]}
{[%emt 00:00:01]} Bg6 {[%clk 00:57:10]} {[%emt 00:00:29]} 21. Rg3 {[%clk
00:14:45]} {[%emt 00:04:36]} Qd5 {[%clk 00:52:51]} {[%emt 00:04:50]} 22. c3
{[%clk 00:12:04]} {[%emt 00:03:11]} Rfe8 {[%clk 00:44:40]} {[%emt 00:08:40]}
23. Qe2 {[%clk 00:11:14]} {[%emt 00:01:20]} Qxa2 {[%clk 00:43:20]} {[%emt
00:01:51]} 24. h4 {[%clk 00:09:44]} {[%emt 00:01:59]} Qd5 {[%clk 00:25:28]}
{[%emt 00:18:23]} 25. h5 {[%clk 00:05:01]} {[%emt 00:05:13]} Qxh5 {[%clk
00:25:52]} {[%emt 00:00:05]} 26. Qxh5 {[%clk 00:05:14]} {[%emt 00:00:17]} Bxh5
{[%clk 00:26:19]} {[%emt 00:00:03]} 27. Rxg7+ {[%clk 00:05:43]} {[%emt
00:00:01]} Kf8 {[%clk 00:26:50]} {[%emt 00:00:30]} 28. Rxh7 {[%clk 00:06:16]}
{[%emt 00:00:26]} Bg6 {[%clk 00:27:13]} {[%emt 00:00:07]} 29. Rh3 {[%clk
00:05:13]} {[%emt 00:01:32]} Ke7 {[%clk 00:27:00]} {[%emt 00:00:44]} 30. g4
{[%clk 00:04:37]} {[%emt 00:01:06]} Bc2 {[%clk 00:25:54]} {[%emt 00:01:36]} 31.
Rh2 {[%clk 00:03:47]} {[%emt 00:01:19]} Bd3 {[%clk 00:25:28]} {[%emt 00:00:57]}
32. Rd1 {[%clk 00:03:32]} {[%emt 00:00:44]} Be4 {[%clk 00:25:36]} {[%emt
00:00:23]} 33. g5 {[%clk 00:03:17]} {[%emt 00:00:45]} Bd5 {[%clk 00:25:41]}
{[%emt 00:00:26]} 34. c4 {[%clk 00:02:48]} {[%emt 00:00:59]} e5 {[%clk
00:25:36]} {[%emt 00:00:35]} 35. Bxe5 {[%clk 00:01:51]} {[%emt 00:01:26]} Bxc4
{[%clk 00:24:34]} {[%emt 00:01:32]} 36. Bf6+ {[%clk 00:01:47]} {[%emt
00:00:34]} Ke6 {[%clk 00:24:42]} {[%emt 00:00:22]} 37. Rhd2 {[%clk 00:01:13]}
{[%emt 00:01:04]} Kf5 {[%clk 00:24:39]} {[%emt 00:00:33]} 38. Rd4 {[%clk
00:01:06]} {[%emt 00:00:37]} Bb3 {[%clk 00:24:20]} {[%emt 00:00:50]} 39. R1d2
{[%clk 00:01:07]} {[%emt 00:00:28]} Re1+ {[%clk 00:23:28]} {[%emt 00:01:22]}
40. Kf2 {[%clk 00:01:21]} {[%emt 00:00:16]} Rae8 {[%clk 00:23:18]} {[%emt
00:00:41]} 41. Be5 {[%clk 00:01:14]} {[%emt 00:00:35]} Rh1 {[%clk 00:23:03]}
{[%emt 00:00:45]} 42. Kf3 {[%clk 00:28:37]} {[%emt 00:03:07]} Rh3+ {[%clk
00:51:36]} {[%emt 00:01:58]} 43. Kg2 {[%clk 00:28:37]} {[%emt 00:00:30]} Rh4
{[%clk 00:51:05]} {[%emt 00:01:02]} 44. Rd7 {[%clk 00:26:01]} {[%emt 00:03:05]}
a5 {[%clk 00:50:39]} {[%emt 00:00:57]} 45. Rb7 {[%clk 00:22:39]} {[%emt
00:03:51]} Rxe5 {[%clk 00:45:56]} {[%emt 00:05:13]} 46. fxe5 {[%clk 00:22:18]}
{[%emt 00:00:51]} Rg4+ {[%clk 00:45:48]} {[%emt 00:00:38]} 47. Kh2 {[%clk
00:20:28]} {[%emt 00:02:20]} Rh4+ {[%clk 00:45:41]} {[%emt 00:00:37]} 48. Kg3
{[%clk 00:20:20]} {[%emt 00:00:37]} Rg4+ {[%clk 00:46:04]} {[%emt 00:00:08]}
49. Kh3 {[%clk 00:18:42]} {[%emt 00:02:07]} Kxg5 {[%clk 00:45:26]} {[%emt
00:01:09]} 50. Rxb6 {[%clk 00:18:33]} {[%emt 00:00:40]} Rh4+ {[%clk 00:45:35]}
{[%emt 00:00:20]} 51. Kg3 {[%clk 00:18:22]} {[%emt 00:00:41]} a4 {[%clk
00:45:09]} {[%emt 00:00:57]} 52. Rb5 {[%clk 00:16:51]} {[%emt 00:02:00]} Rg4+
{[%clk 00:45:08]} {[%emt 00:00:31]} 53. Kf3 {[%clk 00:17:04]} {[%emt 00:00:16]}
Be6 {[%clk 00:45:00]} {[%emt 00:00:40]} 54. Rg2 {[%clk 00:15:25]} {[%emt
00:02:08]} Rxg2 {[%clk 00:45:24]} {[%emt 00:00:05]} 55. Kxg2 {[%clk 00:15:54]}
{[%emt 00:00:02]} Kf5 {[%clk 00:44:39]} {[%emt 00:01:15]} 56. Kf3 {[%clk
00:15:46]} {[%emt 00:00:37]} Bd7 {[%clk 00:44:54]} {[%emt 00:00:15]} 57. Ra5
{[%clk 00:15:16]} {[%emt 00:01:01]} Be6 {[%clk 00:44:35]} {[%emt 00:00:49]} 58.
Ke3 {[%clk 00:15:03]} {[%emt 00:00:42]} Bb3 {[%clk 00:44:28]} {[%emt 00:00:38]}
59. Kd3 {[%clk 00:14:51]} {[%emt 00:00:42]} Ke6 {[%clk 00:44:31]} {[%emt
00:00:27]} 60. Kc3 {[%clk 00:14:53]} {[%emt 00:00:28]} Bd1 {[%clk 00:44:31]}
{[%emt 00:00:30]} 61. Kb4 {[%clk 00:14:30]} {[%emt 00:00:53]} Bb3 {[%clk
00:43:50]} {[%emt 00:01:11]} 62. Rxa4 {[%clk 00:11:06]} {[%emt 00:03:54]} Bxa4
{[%clk 00:44:14]} {[%emt 00:00:06]} 63. Kxa4 {[%clk 00:11:32]} {[%emt
00:00:05]} Kxe5 {[%clk 00:44:40]} {[%emt 00:00:03]} 64. b4 {[%clk 00:11:02]}
{[%emt 00:01:00]} Kd6 {[%clk 00:44:37]} {[%emt 00:00:33]} 65. Kb3 {[%clk
00:10:43]} {[%emt 00:00:49]} Kc6 {[%clk 00:44:44]} {[%emt 00:00:23]} 66. Kc4
{[%clk 00:10:43]} {[%emt 00:00:30]} f5 {[%clk 00:45:01]} {[%emt 00:00:13]} 67.
Kd4 {[%clk 00:10:37]} {[%emt 00:00:36]} f4 {[%clk 00:45:22]} {[%emt 00:00:10]}
68. Ke4 {[%clk 00:10:34]} {[%emt 00:00:32]} Kb5 {[%clk 00:45:44]} {[%emt
00:00:08]} 69. Kxf4 {[%clk 00:10:49]} {[%emt 00:00:15]} Kxb4 {[%clk 00:46:08]}
{[%emt 00:00:06]} 1/2-1/2

[Event "ODJM B 2023"]
[Site "Willingen GER"]
[Date "2023.05.28"]
[Round "2"]
[White "Klahold, Rona"]
[Black "Kutz, Ida Klara"]
[Result "1-0"]
[Termination "normal"]
[Board "15"]
[WhiteElo "1592"]
[BlackElo "1411"]
[WhiteClock "00:22:41"]
[BlackClock "00:49:03"]
[PlyCount "65"]
[WhiteFideId "16222970"]
[BlackFideId "16296257"]
[EventCountry "GER"]
[EventRounds "9"]
[EventType "swiss"]
[EventDate "2023.05.27"]

1. e4 {[%clk 01:30:59]} d6 {[%clk 01:30:53]} {[%emt 00:00:08]} 2. d4 {[%clk
01:31:22]} {[%emt 00:00:06]} Nf6 {[%clk 01:30:48]} {[%emt 00:00:35]} 3. Nc3
{[%clk 01:31:26]} {[%emt 00:00:26]} g6 {[%clk 01:30:25]} {[%emt 00:00:53]} 4.
Bg5 {[%clk 01:30:40]} {[%emt 00:01:16]} Bg7 {[%clk 01:30:05]} {[%emt 00:00:50]}
5. Qd2 {[%clk 01:29:31]} {[%emt 00:01:39]} O-O {[%clk 01:28:38]} {[%emt
00:01:57]} 6. O-O-O {[%clk 01:27:43]} {[%emt 00:02:18]} Nbd7 {[%clk 01:26:45]}
{[%emt 00:02:23]} 7. f3 {[%clk 01:22:06]} {[%emt 00:06:07]} e5 {[%clk
01:25:16]} {[%emt 00:02:00]} 8. h4 {[%clk 01:16:02]} {[%emt 00:06:34]} exd4
{[%clk 01:24:34]} {[%emt 00:01:12]} 9. Qxd4 {[%clk 01:08:30]} {[%emt 00:08:01]}
Ne5 {[%clk 01:15:37]} {[%emt 00:09:28]} 10. Nd5 {[%clk 00:51:35]} {[%emt
00:17:24]} c6 {[%clk 01:12:09]} {[%emt 00:03:58]} 11. Nxf6+ {[%clk 00:51:27]}
{[%emt 00:00:38]} Bxf6 {[%clk 01:12:25]} {[%emt 00:00:15]} 12. Bxf6 {[%clk
00:50:41]} {[%emt 00:01:16]} Qxf6 {[%clk 01:12:42]} {[%emt 00:00:12]} 13. Qxd6
{[%clk 00:50:08]} {[%emt 00:01:03]} Qxd6 {[%clk 01:11:58]} {[%emt 00:01:14]}
14. Rxd6 {[%emt 00:02:34]} Be6 {[%clk 01:09:54]} {[%emt 00:00:02]} 15. Be2
{[%clk 00:43:59]} {[%emt 00:07:07]} Rad8 {[%clk 01:05:40]} {[%emt 00:04:44]}
16. Rxd8 {[%clk 00:44:12]} {[%emt 00:00:17]} Rxd8 {[%clk 01:05:55]} {[%emt
00:00:15]} 17. Nh3 {[%clk 00:40:21]} {[%emt 00:04:21]} f5 {[%clk 01:02:40]}
{[%emt 00:03:45]} 18. Ng5 {[%clk 00:36:51]} {[%emt 00:04:01]} Bc4 {[%clk
00:59:18]} {[%emt 00:03:50]} 19. Bxc4+ {[%clk 00:33:02]} {[%emt 00:04:20]} Nxc4
{[%clk 00:58:34]} {[%emt 00:01:15]} 20. exf5 {[%clk 00:32:13]} {[%emt
00:01:18]} gxf5 {[%clk 00:57:45]} {[%emt 00:01:19]} 21. Re1 {[%clk 00:31:02]}
{[%emt 00:01:41]} f4 {[%clk 00:56:36]} {[%emt 00:01:39]} 22. Ne6 {[%clk
00:27:35]} {[%emt 00:03:57]} Re8 {[%clk 00:56:13]} {[%emt 00:00:54]} 23. Re2
{[%clk 00:27:44]} {[%emt 00:00:20]} Nd6 {[%clk 00:55:28]} {[%emt 00:01:15]} 24.
Nxf4 {[%clk 00:27:28]} {[%emt 00:00:46]} Rxe2 {[%clk 00:55:38]} {[%emt
00:00:20]} 25. Nxe2 {[%clk 00:27:56]} {[%emt 00:00:02]} Nc4 {[%clk 00:55:25]}
{[%emt 00:00:43]} 26. g4 {[%clk 00:26:30]} {[%emt 00:01:56]} Kf7 {[%clk
00:54:06]} {[%emt 00:01:49]} 27. b3 {[%clk 00:26:15]} {[%emt 00:00:45]} Ne5
{[%clk 00:53:37]} {[%emt 00:00:59]} 28. Ng1 {[%clk 00:25:52]} {[%emt 00:00:53]}
Ke6 {[%clk 00:51:48]} {[%emt 00:02:19]} 29. Kd2 {[%clk 00:25:45]} {[%emt
00:00:38]} c5 {[%clk 00:51:07]} {[%emt 00:01:10]} 30. Ke3 {[%clk 00:24:35]}
{[%emt 00:01:40]} c4 {[%clk 00:50:09]} {[%emt 00:01:29]} 31. Ke4 {[%clk
00:24:15]} {[%emt 00:00:50]} cxb3 {[%clk 00:49:11]} {[%emt 00:01:28]} 32. cxb3
{[%clk 00:23:20]} {[%emt 00:01:24]} b6 {[%clk 00:49:03]} {[%emt 00:00:39]} 33.
Ne2 {[%clk 00:22:41]} {[%emt 00:01:07]} 1-0